| 000 | 00861nam a22002418a 4500 | ||
|---|---|---|---|
| 005 | 20081028142030.0 | ||
| 008 | 081015s2008 cau b 001 0 eng | ||
| 010 | _aENG-92205 | ||
| 020 |
_a9780070139770 _c495.00 |
||
| 020 |
_a0070139776 _c495.00 |
||
| 035 | _aEN-75738 | ||
| 037 | _bDBAD / PUB | ||
| 040 |
_adpl _bEnglish |
||
| 082 | _a005.432 | ||
| 100 | _aOrloff, Jeffrey T. | ||
| 245 |
_aHow to do everything Ubuntu / _cby Jeffrey T. Orloff. |
||
| 260 |
_aNew Delhi _bTata McGraw-Hill Publishing _c2008 |
||
| 300 |
_axx, 328p. _c24cm (pbk) |
||
| 504 | _aIncludes index. | ||
| 650 | _aOperating systems (Computers) | ||
| 942 |
_2ddc _cEN _h005.432 _mORL |
||
| 999 |
_c19870 _d19870 |
||